Catálogo

PSICOLOGIA : (Registro nro. 12837)

Detalles MARC
000 -LEADER
fixed length control field 00391nam a2200157 a 4500
001 - CONTROL NUMBER
control field 12837
005 - DATE AND TIME OF LATEST TRANSACTION
control field 20180713201139.0
008 - FIXED-LENGTH DATA ELEMENTS--GENERAL INFORMATION
fixed length control field 140415s1991 000 0 spa d
041 ## - LANGUAGE CODE
Language code of text/sound track or separate title spa
082 ## - DEWEY DECIMAL CLASSIFICATION NUMBER
Classification number 150
Item number PSI
245 00 - TITLE STATEMENT
Title PSICOLOGIA :
Remainder of title IDEOLOGIA Y CIENCIA
250 ## - EDITION STATEMENT
Edition statement 16a ed.
260 ## - PUBLICATION, DISTRIBUTION, ETC.
Place of publication, distribution, etc. [s.l.] :
Name of publisher, distributor, etc. SIGLO VEINTIUNO,
Date of publication, distribution, etc. 1991
300 ## - PHYSICAL DESCRIPTION
Extent 419
650 14 - SUBJECT ADDED ENTRY--TOPICAL TERM
Topical term or geographic name entry element PSICOLOGIA
Existencias
Withdrawn status Lost status Source of classification or shelving scheme Damaged status Not for loan Collection code Home library Current library Shelving location Date acquired Source of acquisition Inventory number Total Checkouts Full call number Barcode Date last seen Date last checked out Price effective from Koha item type
    Dewey Decimal Classification     General Biblioteca Karol Wojtyla Biblioteca Karol Wojtyla Sala general 03/12/2013 Compra 151000000000000000061231 1 150 PSI 29527 05/01/2026 24/01/2019 03/12/2013 Libro